000 00542nam a2200181Ia 4500
999 _c29135
_d29135
003 OSt
005 20201209134801.0
008 190216s9999||||xx |||||||||||||| ||und||
020 _a9788126404896
040 _coclc
082 _a894.8124
_bPEA/K
100 _aPeale, Norman Vincent
_97069
245 0 _aKriyathmaka Chinthakalum Jeevitha Vijayavum /
_cNorman Vincent Peale
260 _bD C Books,
_aKottayam:
_c2007.
300 _a207p
650 _aLekhanam
942 _cBK
_2ddc
_h894.8124
_iPEA/K
_k894.8124
_mPEA/K